[Event "St Veit op-B 37th"]
[Site "St Veit"]
[Date "2018.07.12"]
[Round "7"]
[White "Komarek, Ludwig"]
[Black "Kahlig, Martin"]
[Result "1/2-1/2"]
[WhiteElo "1882"]
[BlackElo "1980"]
[PlyCount "93"]
[EventDate "2018.07.07"]
[EventType "swiss"]
[EventRounds "9"]
[EventCountry "AUT"]
[SourceTitle "EXT 2020"]
[Source "ChessBase"]
[SourceDate "2019.10.17"]
[SourceVersion "1"]
[SourceVersionDate "2019.10.17"]
[SourceQuality "1"]

1. e4 d5 2. exd5 Nf6 3. Nc3 Nxd5 4. Nxd5 Qxd5 5. Qf3 c6 6. Qxd5 cxd5 7. d4 Bf5 8. c3 e6 9. Bf4 Nc6 10. Kd2 Rc8 11. Bd3 Bxd3 12. Kxd3 Kd7 13. Nf3 f6 14. h4 Bd6 15. Bxd6 Kxd6 16. Nd2 e5 17. dxe5+ Nxe5+ 18. Kd4 Rhe8 19. f3 Re7 20. Raf1 Rce8 21. Rf2 Nc6+ 22. Kd3 Re3+ 23. Kc2 Re2 24. Rhf1 b5 25. a3 a5 26. Kd1 R2e3 27. Kc2 b4 28. axb4 axb4 29. Rd1 Re2 30. Rxe2 Rxe2 31. g4 bxc3 32. bxc3 Ne5 33. Kb3 Kc5 34. g5 fxg5 35. hxg5 Nc4 36. Nxc4 dxc4+ 37. Ka3 Re3 38. Rd7 Rxc3+ 39. Kb2 Rxf3 40. Rxg7 Rf2+ 41. Kc3 Rf3+ 42. Kc2 Rg3 43. Rxh7 Rxg5 44. Rc7+ Kd4 45. Rd7+ Kc5 46. Rc7+ Kd4 47. Rd7+ 1/2-1/2

[Event "Feffernitz op 25th"]
[Site "Feffernitz"]
[Date "2016.08.23"]
[Round "4"]
[White "Mandekic, Ivan"]
[Black "Kahlig, Martin"]
[Result "1/2-1/2"]
[WhiteElo "2223"]
[BlackElo "2019"]
[PlyCount "77"]
[EventDate "2016.08.21"]
[EventType "swiss"]
[EventRounds "9"]
[EventCountry "AUT"]
[SourceTitle "CBM 174 Extra"]
[Source "ChessBase"]
[SourceDate "2016.10.10"]
[SourceVersion "1"]
[SourceVersionDate "2016.10.10"]
[SourceQuality "1"]

1. c4 e5 2. g3 Nc6 3. Nc3 f5 4. Nf3 Nf6 5. d4 e4 6. Nh4 d5 7. Bg5 dxc4 8. e3 Bb4 9. Bxc4 Qe7 10. 0-0 Bxc3 11. bxc3 g6 12. Rb1 Qg7 13. f3 exf3 14. Bxf6 Qxf6 15. Qxf3 Na5 16. Bb5+ c6 17. Bd3 Qe7 18. e4 fxe4 19. Bxe4 Rf8 20. Qg2 Rxf1+ 21. Rxf1 Be6 22. Bxg6+ hxg6 23. Nxg6 Qg5 24. Rf8+ Kd7 25. Qe4 Qc1+ 26. Rf1 Qh6 27. d5 cxd5 28. Ne5+ Kc7 29. Qd4 Nc6 30. Nxc6 bxc6 31. Qe5+ Kd7 32. Rb1 Kc8 33. Re1 Kd7 34. Rb1 Rc8 35. Rb4 Qc1+ 36. Kf2 Qd2+ 37. Kf3 Qd3+ 38. Kg2 Qd2+ 39. Kg1 1/2-1/2

[Event "AUT-ch"]
[Site "Pinkafeld"]
[Date "2015.07.27"]
[Round "3"]
[White "Kahlig, Martin"]
[Black "Ager, Josef"]
[Result "1/2-1/2"]
[WhiteElo "2001"]
[BlackElo "2090"]
[PlyCount "49"]
[EventDate "2015.07.25"]
[EventType "swiss"]
[EventRounds "9"]
[EventCountry "AUT"]
[SourceTitle "CBM 167 Extra"]
[Source "ChessBase"]
[SourceDate "2015.09.14"]
[SourceVersion "1"]
[SourceVersionDate "2015.09.14"]
[SourceQuality "1"]

1. e4 e5 2. Nf3 Nc6 3. Nc3 Nf6 4. Bb5 Bb4 5. 0-0 0-0 6. d3 d6 7. Bg5 Bxc3 8. bxc3 Qe7 9. Re1 Nd8 10. d4 Ne6 11. Bc1 c6 12. Bf1 Qc7 13. g3 Rd8 14. Bg2 h6 15. Nh4 Kh7 16. Nf5 Ng8 17. Ba3 g6 18. Ne3 Nf6 19. Bc1 Kg7 20. Qd2 Ng8 21. Rf1 Qa5 22. Nc4 Qa6 23. Nb2 Qb6 24. Nc4 Qa6 25. Nb2 1/2-1/2

[Event "AUT-ch"]
[Site "Pinkafeld"]
[Date "2015.07.25"]
[Round "1"]
[White "Kahlig, Martin"]
[Black "Neuschmied, Siegfried"]
[Result "1/2-1/2"]
[WhiteElo "2001"]
[BlackElo "2253"]
[PlyCount "98"]
[EventDate "2015.07.25"]
[EventType "swiss"]
[EventRounds "9"]
[EventCountry "AUT"]
[SourceTitle "CBM 167 Extra"]
[Source "ChessBase"]
[SourceDate "2015.09.14"]
[SourceVersion "1"]
[SourceVersionDate "2015.09.14"]
[SourceQuality "1"]

1. e4 d6 2. Nc3 g6 3. f4 Bg7 4. Nf3 Nf6 5. Bc4 0-0 6. d3 c6 7. Bb3 d5 8. e5 Nfd7 9. d4 e6 10. Ne2 c5 11. c3 cxd4 12. cxd4 Nc6 13. 0-0 f5 14. Nc3 a6 15. a3 Nb6 16. Be3 Rf7 17. Na4 Nxa4 18. Bxa4 Rc7 19. Bd2 Bd7 20. Rc1 Rac8 21. Bxc6 Rxc6 22. Rxc6 Rxc6 23. Qb1 Qb6 24. Rc1 Qb3 25. Rc3 Rxc3 26. Bxc3 Bf8 27. Qc1 Qc4 28. Qd2 Bb5 29. h4 h6 30. Kf2 Kf7 31. Kg3 Be7 32. Qe3 Qb3 33. Qd2 b6 34. Kf2 a5 35. Qc1 Qc4 36. Qd2 Qf1+ 37. Kg3 Ba4 38. Qe1 Qc4 39. Qd2 Qb3 40. Kf2 Bd8 41. Kg3 Ke8 42. Kh2 Kd7 43. Qe1 Kc8 44. Qg3 Be8 45. h5 gxh5 46. Qg8 Bd7 47. Qf8 Qc2 48. Qxh6 Qc1 49. Kg3 h4+ 1/2-1/2

[Event "Semriach op 12th"]
[Site "Semriach"]
[Date "2013.04.29"]
[Round "3"]
[White "Ortner, Ronald"]
[Black "Kahlig, Martin"]
[Result "1/2-1/2"]
[WhiteElo "1883"]
[BlackElo "2004"]
[PlyCount "35"]
[EventDate "2013.04.27"]
[EventType "swiss"]
[EventRounds "5"]
[EventCountry "AUT"]
[SourceTitle "CBM 154 Extra"]
[Source "ChessBase"]
[SourceDate "2013.06.25"]
[SourceVersion "2"]
[SourceVersionDate "2013.06.25"]
[SourceQuality "1"]

1. c4 e5 2. g3 Nf6 3. Bg2 c6 4. d4 exd4 5. Qxd4 Na6 6. a3 Bc5 7. Qe5+ Qe7 8. Qxe7+ Kxe7 9. Nc3 Re8 10. Nf3 Kf8 11. b4 Bb6 12. Bf4 d5 13. cxd5 cxd5 14. Be5 Bxf2+ 15. Kxf2 Ng4+ 16. Kf1 Nxe5 17. Nxd5 Nxf3 18. Bxf3 1/2-1/2

[Event "Feffernitz Raika op 19th"]
[Site "Feffernitz"]
[Date "2010.08.29"]
[Round "9"]
[White "Kahlig, Martin"]
[Black "Zefi, Xhon"]
[Result "1-0"]
[WhiteElo "1993"]
[BlackElo "1885"]
[PlyCount "107"]
[EventDate "2010.08.22"]
[EventType "swiss"]
[EventRounds "9"]
[EventCountry "AUT"]
[SourceTitle "CBM 138 Extra"]
[Source "ChessBase"]
[SourceDate "2010.10.29"]
[SourceVersion "1"]
[SourceVersionDate "2010.10.29"]
[SourceQuality "1"]

1. e4 e5 2. Nf3 Nc6 3. d4 exd4 4. Nxd4 Bc5 5. Nxc6 dxc6 6. Qxd8+ Kxd8 7. Bc4 f6 8. 0-0 Bg4 9. Nc3 b5 10. Be2 h5 11. Bxg4 hxg4 12. Bf4 g5 13. Rad1+ Kc8 14. Bg3 Ne7 15. Rfe1 Ng6 16. Ne2 Bb6 17. Nd4 Kb7 18. Nf5 Rad8 19. Kf1 Kc8 20. c3 a5 21. Nd4 Bxd4 22. cxd4 Nf4 23. f3 gxf3 24. gxf3 Ne6 25. d5 cxd5 26. exd5 Nf4 27. Bxf4 gxf4 28. Re2 Rh5 29. Red2 Rdh8 30. Ke2 Rxh2+ 31. Kd3 Rxd2+ 32. Rxd2 c5 33. dxc6 Rd8+ 34. Kc3 Rxd2 35. Kxd2 Kc7 36. Kd3 Kxc6 37. Ke4 Kc5 38. Kxf4 Kd4 39. Kf5 Ke3 40. Kxf6 b4 41. Ke5 Kd3 42. f4 Kc2 43. f5 Kxb2 44. f6 Kxa2 45. f7 a4 46. f8Q b3 47. Qb4 a3 48. Kd4 b2 49. Qd2 Ka1 50. Qc3 Ka2 51. Qc2 Ka1 52. Qc3 a2 53. Kd3 Kb1 54. Qe1# 1-0

[Event "Feffernitz Raika op 19th"]
[Site "Feffernitz"]
[Date "2010.08.26"]
[Round "6"]
[White "Mazi, Leon"]
[Black "Kahlig, Martin"]
[Result "1-0"]
[WhiteElo "2376"]
[BlackElo "1993"]
[PlyCount "101"]
[EventDate "2010.08.22"]
[EventType "swiss"]
[EventRounds "9"]
[EventCountry "AUT"]
[SourceTitle "CBM 138 Extra"]
[Source "ChessBase"]
[SourceDate "2010.10.29"]
[SourceVersion "1"]
[SourceVersionDate "2010.10.29"]
[SourceQuality "1"]

1. e4 c6 2. d3 d5 3. Nd2 e5 4. Ngf3 Bd6 5. g3 Nf6 6. Bg2 0-0 7. 0-0 Re8 8. c3 Nbd7 9. Qc2 a5 10. a4 Qc7 11. Re1 h6 12. Nf1 dxe4 13. dxe4 Nc5 14. N3d2 Be6 15. Ne3 Rad8 16. Nec4 Bf8 17. Bf1 Bxc4 18. Nxc4 Ne6 19. h4 Bc5 20. Bh3 Ra8 21. Qe2 Nf8 22. Qf3 Qe7 23. Bd2 N6d7 24. Re2 Nb6 25. Ne3 Bxe3 26. Bxe3 Nc4 27. Bc1 Qd6 28. Rc2 Rad8 29. Bg4 Nb6 30. Qe2 Qd3 31. Be3 Qxe2 32. Bxe2 Nc8 33. f3 Ne6 34. Rb1 Nd6 35. Bb6 Ra8 36. Rd1 Nc8 37. Be3 Nf8 38. Rcd2 h5 39. Rd8 Ne7 40. Bb6 Rexd8 41. Rxd8 Rxd8 42. Bxd8 Nc8 43. Bxa5 b6 44. Ba6 bxa5 45. Bxc8 c5 46. Kf2 f6 47. Ke3 Kf7 48. Kd3 Ke7 49. Kc4 Kd6 50. Kb5 g5 51. Bf5 1-0

[Event "Feffernitz Raika op 19th"]
[Site "Feffernitz"]
[Date "2010.08.24"]
[Round "4"]
[White "Gruber, Othmar"]
[Black "Kahlig, Martin"]
[Result "0-1"]
[WhiteElo "1843"]
[BlackElo "1993"]
[PlyCount "134"]
[EventDate "2010.08.22"]
[EventType "swiss"]
[EventRounds "9"]
[EventCountry "AUT"]
[SourceTitle "CBM 138 Extra"]
[Source "ChessBase"]
[SourceDate "2010.10.29"]
[SourceVersion "1"]
[SourceVersionDate "2010.10.29"]
[SourceQuality "1"]

1. Nc3 d5 2. e4 c6 3. Nf3 Bg4 4. exd5 cxd5 5. h3 Bxf3 6. Qxf3 e6 7. Bb5+ Nc6 8. 0-0 Nf6 9. d3 h6 10. Bf4 Bd6 11. Rae1 0-0 12. Bxd6 Qxd6 13. Bxc6 bxc6 14. Nd1 Rab8 15. c3 c5 16. Re2 Qa6 17. a3 Rb3 18. Rc2 Rfb8 19. Qe2 Qb6 20. Re1 Ne8 21. Kf1 Nd6 22. Qd2 Qa6 23. Re2 Qa4 24. Qe1 Qf4 25. Kg1 Qf5 26. Rcd2 Qg6 27. Kh1 c4 28. d4 Nc8 29. Rc2 Nb6 30. Red2 Nd7 31. Ne3 Nf6 32. f3 Nh5 33. Ng4 R3b7 34. Ne5 Qg3 35. Qxg3 Nxg3+ 36. Kg1 Nf5 37. Kf2 Rc8 38. Ng4 Nd6 39. Re2 Rcb8 40. Ne3 Nc8 41. g4 g5 42. Kg3 Ne7 43. Nd1 Ng6 44. Nf2 Nf4 45. Red2 a5 46. Kh2 a4 47. Kg3 Kg7 48. Nd1 Nd3 49. Re2 Rb6 50. Kh2 Kg6 51. Kg3 h5 52. Rh2 h4+ 53. Kg2 Nxb2 54. Rh1 Nxd1 55. Rxd1 Rb2 56. Rdc1 Rxc2+ 57. Rxc2 Rb3 58. Kf2 Rxa3 59. Ke2 Rb3 60. Kd2 a3 61. Ra2 f5 62. Kc2 fxg4 63. fxg4 Rb2+ 64. Rxb2 axb2 65. Kxb2 Kf6 66. Kc2 e5 67. Kd2 e4 0-1

[Event "Feffernitz Raika op 19th"]
[Site "Feffernitz"]
[Date "2010.08.22"]
[Round "1"]
[White "Kahlig, Martin"]
[Black "Steiner, Lucia"]
[Result "1-0"]
[WhiteElo "1993"]
[BlackElo "1657"]
[PlyCount "39"]
[EventDate "2010.08.22"]
[EventType "swiss"]
[EventRounds "9"]
[EventCountry "AUT"]
[SourceTitle "CBM 138 Extra"]
[Source "ChessBase"]
[SourceDate "2010.10.29"]
[SourceVersion "1"]
[SourceVersionDate "2010.10.29"]
[SourceQuality "1"]

1. e4 e5 2. Nf3 Nc6 3. d4 exd4 4. Nxd4 Qf6 5. Nxc6 Qxc6 6. Bd3 d6 7. Nc3 a6 8. a4 Qd7 9. 0-0 Nf6 10. f4 Qd8 11. h3 Be6 12. b3 Be7 13. Bb2 0-0 14. Qf3 c6 15. Rad1 Qc7 16. Ne2 Rfd8 17. f5 Bd7 18. Nf4 Bf8 19. Bxf6 gxf6 20. Nh5 1-0

[Event "Feffernitz Raika op 19th"]
[Site "Feffernitz"]
[Date "2010.08.22"]
[Round "2"]
[White "Neulinger, Manfred"]
[Black "Kahlig, Martin"]
[Result "1-0"]
[WhiteElo "2249"]
[BlackElo "1993"]
[PlyCount "127"]
[EventDate "2010.08.22"]
[EventType "swiss"]
[EventRounds "9"]
[EventCountry "AUT"]
[SourceTitle "CBM 138 Extra"]
[Source "ChessBase"]
[SourceDate "2010.10.29"]
[SourceVersion "1"]
[SourceVersionDate "2010.10.29"]
[SourceQuality "1"]

1. e4 c6 2. d4 d5 3. e5 c5 4. dxc5 Nc6 5. f4 e6 6. Be3 d4 7. Bf2 Bxc5 8. c3 dxc3 9. Qxd8+ Kxd8 10. Nxc3 Bxf2+ 11. Kxf2 g5 12. g3 gxf4 13. gxf4 Nh6 14. Bd3 Ng4+ 15. Kf3 Rg8 16. Nge2 Ngxe5+ 17. fxe5 Nxe5+ 18. Ke3 Nxd3 19. Kxd3 Ke7 20. Rhg1 Bd7 21. Rxg8 Rxg8 22. Rg1 Rxg1 23. Nxg1 Bc6 24. Kd4 f6 25. Kc4 e5 26. Nb5 Bxb5+ 27. Kxb5 Ke6 28. Kc4 Kf5 29. Kd3 Kf4 30. Ke2 Ke4 31. Nf3 b6 32. Ne1 f5 33. Nf3 h6 34. Kf2 Kf4 35. Nd2 e4 36. Nc4 b5 37. Nd6 a6 38. b4 h5 39. Nf7 e3+ 40. Ke2 Ke4 41. Nd6+ Ke5 42. Nb7 Kd4 43. Nc5 f4 44. Nxa6 Kc3 45. h4 Kc4 46. Nc5 Kd4 47. a3 Ke5 48. a4 bxa4 49. Nxa4 Kd4 50. Nc5 Kd5 51. Nd3 Ke4 52. Ne1 Kd4 53. Kf3 Kc4 54. Ng2 Kxb4 55. Nxf4 Kc5 56. Kxe3 Kd6 57. Nxh5 Ke6 58. Kf4 Kf7 59. Kg5 Kg8 60. Kg6 Kh8 61. Nf4 Kg8 62. Nd3 Kh8 63. Ne5 Kg8 64. h5 1-0

[Event "St Veit op-B 28th"]
[Site "St Veit"]
[Date "2009.07.17"]
[Round "7"]
[White "Gruber, Dietmar"]
[Black "Kahlig, Martin"]
[Result "1/2-1/2"]
[WhiteElo "2023"]
[BlackElo "1958"]
[PlyCount "52"]
[EventDate "2009.07.11"]
[EventType "swiss"]
[EventRounds "9"]
[EventCountry "AUT"]
[SourceTitle "CBM 131 Extra"]
[Source "ChessBase"]
[SourceDate "2009.09.03"]
[SourceVersion "2"]
[SourceVersionDate "2009.09.16"]
[SourceQuality "1"]

1. Nc3 d5 2. e4 c6 3. d4 dxe4 4. Nxe4 Bf5 5. Ng3 Bg6 6. Bc4 e6 7. Nf3 Bd6 8. 0-0 Nd7 9. Re1 Qc7 10. d5 cxd5 11. Bxd5 Be7 12. Be4 Bxe4 13. Nxe4 Ngf6 14. Nc3 a6 15. Bg5 0-0 16. Qe2 Bb4 17. Bd2 h6 18. Rad1 Rfd8 19. h3 Bd6 20. Nd4 Nf8 21. Nf3 Bf4 22. Be3 Bxe3 23. Qxe3 Rac8 24. Ne5 Rxd1 25. Rxd1 Rd8 26. Rxd8 Qxd8 1/2-1/2

[Event "Feffernitz Raika op 14th"]
[Site "Feffernitz"]
[Date "2005.08.27"]
[Round "8"]
[White "Mayer, Martin"]
[Black "Kahlig, Martin"]
[Result "1/2-1/2"]
[WhiteElo "2070"]
[BlackElo "1992"]
[PlyCount "42"]
[EventDate "2005.08.21"]
[EventType "swiss"]
[EventRounds "9"]
[EventCountry "AUT"]
[SourceTitle "CBM 108 Extra"]
[Source "ChessBase"]
[SourceDate "2005.11.04"]
[SourceVersion "1"]
[SourceVersionDate "2005.11.04"]
[SourceQuality "1"]

1. d4 Nf6 2. Nf3 g6 3. g3 Bg7 4. c4 d6 5. Bg2 0-0 6. 0-0 Nc6 7. Nc3 e5 8. d5 Ne7 9. e4 Ne8 10. Ne1 f5 11. Nd3 Nf6 12. Be3 fxe4 13. Nxe4 Nxe4 14. Bxe4 Bh3 15. Bg2 Bxg2 16. Kxg2 Nf5 17. Qd2 Qd7 18. Rad1 Nh4+ 19. gxh4 Qg4+ 20. Kh1 Qf3+ 21. Kg1 Qg4+ 1/2-1/2

[Event "Jacques Lemans op 23rd"]
[Site "St Veit"]
[Date "2004.07.14"]
[Round "5"]
[White "Wilfling, Hermann"]
[Black "Kahlig, Martin"]
[Result "1-0"]
[WhiteElo "2142"]
[BlackElo "2003"]
[PlyCount "55"]
[EventDate "2004.07.10"]
[EventType "swiss"]
[EventRounds "9"]
[EventCountry "AUT"]
[SourceTitle "CBM 101 Extra"]
[Source "ChessBase"]
[SourceDate "2004.09.01"]
[SourceVersion "2"]
[SourceVersionDate "2004.09.01"]
[SourceQuality "1"]

1. d4 Nf6 2. Nf3 g6 3. c4 d5 4. cxd5 Nxd5 5. e4 Nb6 6. Be2 Bg7 7. h3 0-0 8. 0-0 Nc6 9. Be3 h6 10. Qd2 Kh7 11. d5 Nb8 12. Nc3 c6 13. Rfd1 cxd5 14. exd5 N6d7 15. Nd4 Nf6 16. Nb3 Ne8 17. Rac1 Nd6 18. Nb5 Nxb5 19. Bxb5 Bd7 20. Be2 Ba4 21. Qb4 Bxb3 22. Qxb3 b6 23. Bf3 Nd7 24. d6 Rb8 25. dxe7 Qxe7 26. Rc7 Rbd8 27. Qd5 Nf6 28. Rxe7 1-0

[Event "Jacques Lemans op 21st"]
[Site "St Veit"]
[Date "2002.07.08"]
[Round "3"]
[White "Kahlig, Martin"]
[Black "Eichert, Wolfgang"]
[Result "0-1"]
[WhiteElo "2049"]
[BlackElo "2196"]
[PlyCount "66"]
[EventDate "2002.07.06"]
[EventType "swiss"]
[EventRounds "9"]
[EventCountry "AUT"]
[SourceTitle "CBM 089 Extra"]
[Source "ChessBase"]
[SourceDate "2002.09.10"]
[SourceVersion "2"]
[SourceVersionDate "2002.09.10"]
[SourceQuality "1"]

1. e4 c5 2. Nf3 a6 3. d4 cxd4 4. Nxd4 e5 5. Nb3 Nf6 6. Bd3 d5 7. Nc3 Bb4 8. exd5 e4 9. Be2 Nxd5 10. Qd4 0-0 11. 0-0 Bxc3 12. bxc3 Nc6 13. Qxe4 Nxc3 14. Qf3 Nxe2+ 15. Qxe2 Re8 16. Qf3 Ne5 17. Qg3 Bf5 18. Bb2 f6 19. Nd4 Bg6 20. Rac1 Rc8 21. Rfd1 Qa5 22. Qa3 Qc7 23. Ba1 Bf7 24. Nf5 Nc4 25. Qa4 Re4 26. Rd4 Qf4 27. Rcd1 Qxf5 28. Rd8+ Re8 29. Rxe8+ Rxe8 30. h3 Nb6 31. Qa3 Qxc2 32. Rc1 Qxa2 33. Qg3 Qe6 0-1

[Event "AUT-chT2S 0102"]
[Site "Austria"]
[Date "2002.03.16"]
[Round "10.1"]
[White "Kosten, Anthony C"]
[Black "Kahlig, Martin"]
[Result "1-0"]
[WhiteElo "2533"]
[BlackElo "2061"]
[PlyCount "61"]
[EventDate "2001.11.10"]
[EventType "team"]
[EventRounds "11"]
[EventCountry "AUT"]
[SourceTitle "EXT 2003"]
[Source "ChessBase"]
[SourceDate "2002.11.25"]
[SourceVersion "1"]
[SourceVersionDate "2002.11.25"]
[SourceQuality "1"]

1. c4 c5 2. g3 Nf6 3. Bg2 d5 4. cxd5 Nxd5 5. Nc3 Nc7 6. Nf3 Nc6 7. 0-0 e5 8. Ne1 Be6 9. Nd3 f6 10. b3 Qd7 11. f4 exf4 12. Nxf4 Bf7 13. Bb2 Rd8 14. Ne4 Be7 15. Bh3 Be6 16. Nxe6 Nxe6 17. e3 Qd5 18. Bg2 Qd3 19. Qg4 Kf7 20. Bh3 Nc7 21. Qf4 Bd6 22. Qf5 Be7 23. Qh5+ Kg8 24. Rf4 Rd5 25. Qg4 Kf7 26. Raf1 Ne5 27. Ng5+ Kg8 28. Qc8+ Bd8 29. Be6+ Kf8 30. Bxd5 Qxd5 31. Bxe5 1-0

[Event "AUT-chT2S 0102"]
[Site "Austria"]
[Date "2002.02.24"]
[Round "8.1"]
[White "Bukal, Vladimir Jr"]
[Black "Kahlig, Martin"]
[Result "1-0"]
[WhiteElo "2411"]
[BlackElo "2093"]
[PlyCount "111"]
[EventDate "2001.11.10"]
[EventType "team"]
[EventRounds "11"]
[EventCountry "AUT"]
[SourceTitle "EXT 2003"]
[Source "ChessBase"]
[SourceDate "2002.11.25"]
[SourceVersion "1"]
[SourceVersionDate "2002.11.25"]
[SourceQuality "1"]

1. d4 d5 2. c4 c5 3. e3 dxc4 4. Bxc4 cxd4 5. exd4 e6 6. Nf3 Nf6 7. 0-0 Be7 8. Nc3 0-0 9. Re1 Nc6 10. Bb3 Nd5 11. Ne4 Qc7 12. a3 Rd8 13. Bg5 Bxg5 14. Nexg5 h6 15. Ne4 Qe7 16. Qd2 b6 17. Bc2 Ba6 18. Ng3 Qd6 19. Nh5 Rac8 20. b4 Nb8 21. Re4 f5 22. Ree1 Nd7 23. Bb3 Bc4 24. Bxc4 Rxc4 25. Qe2 Rdc8 26. h3 g6 27. Ng3 Kf7 28. Qd2 Qf4 29. Qe2 Qd6 30. Qd2 Qf4 31. Qd3 R8c7 32. Ra2 Rc1 33. Rae2 Rxe1+ 34. Rxe1 Rc1 35. Qe2 Rxe1+ 36. Qxe1 Qc7 37. Qd2 Kg7 38. Qe1 Kf7 39. Qd2 Kg7 40. Qe2 Kf7 41. Qb5 Kf6 42. Nf1 Qc8 43. Qe2 Qc7 44. a4 Kg7 45. Qxe6 N7f6 46. b5 Qc4 47. Ne5 Qc7 48. g3 Qb7 49. Nd2 Qc7 50. Ndc4 Nc3 51. Nc6 Nxa4 52. N4e5 Nc3 53. Ne7 Ne2+ 54. Kh2 h5 55. Qf7+ Kh6 56. Qxg6# 1-0

[Event "Jacques Lemans op 20th"]
[Site "St Veit"]
[Date "2001.07.??"]
[Round "?"]
[White "Kahlig, Martin"]
[Black "Kummer, Helmut"]
[Result "0-1"]
[WhiteElo "2093"]
[BlackElo "2361"]
[PlyCount "48"]
[EventDate "2001.07.07"]
[EventType "swiss"]
[EventRounds "9"]
[EventCountry "AUT"]
[SourceTitle "EXT 2004"]
[Source "ChessBase"]
[SourceDate "2003.11.25"]
[SourceVersion "1"]
[SourceVersionDate "2003.11.25"]
[SourceQuality "1"]

1. e4 e5 2. Nf3 d6 3. h3 Nc6 4. d4 exd4 5. Nxd4 Nf6 6. Nc3 Be7 7. Nxc6 bxc6 8. Bd3 0-0 9. 0-0 Bb7 10. Be3 Re8 11. Re1 Qd7 12. Qe2 c5 13. Rad1 Bf8 14. f3 Qc8 15. Qf2 Bc6 16. b3 g6 17. Bc4 Bg7 18. Bd5 Nxd5 19. Nxd5 Bxd5 20. exd5 Qf5 21. Qd2 Be5 22. c4 Qf6 23. Rc1 Bg3 24. Bg5 Bxe1 0-1